| 000 | 00899nam a2200277 a 4500 | ||
|---|---|---|---|
| 001 | 000021843 | ||
| 003 | DO-SdBNP | ||
| 005 | 20230301085956.0 | ||
| 007 | ta | ||
| 008 | 100913s2001 dr c 000 0 spa d | ||
| 020 | _a0970164106 | ||
| 040 |
_aDO-SdBNP _bspa _cBNPHU |
||
| 082 |
_a320.97293 _bC822d _222 |
||
| 100 | 1 |
_aCorporán, Pedro _945357 |
|
| 245 | 1 | 0 |
_aDemocracia y política en la República Dominicana / _cPedro Corporán ; prólogo Guido Gómez Mazara. |
| 260 |
_aSanto Domingo : _bTaller, _c2001. |
||
| 300 |
_a193 p. : _bretrs. ; _c22 cm. |
||
| 490 | 1 |
_aEnsayos _v1 |
|
| 590 | _aInventariado, 2018/ YL | ||
| 650 | 4 |
_aDemocracia _zRepública Dominicana _96412 |
|
| 651 | 4 |
_aRepública Dominicana _xPolítica Y Gobierno _y1961- _9204 |
|
| 700 | 1 | 2 |
_aGómez Mazara, Guido _epról. _98460 |
| 830 | 0 |
_aEnsayos _n1 _920507 |
|
| 910 | _aValidado. Control de calidad MFF | ||
| 942 |
_2ddc _cLBS1 |
||
| 999 |
_c21341 _d21341 |
||